000 00488nam a22001697a 4500
999 _c27177
_d27177
003 BDDh-ASL
005 20231015030732.0
008 211026s1868 xx ||||| |||| 00| 0 u d
040 _aBDDh-ASL
_cBDDh-ASL
082 _a297.63
_bASF
100 1 _95440
_aAsadullah
245 1 0 _aFatawa-I Benazir : / فتاوای بی نظير
260 _bAsadi Press ,
_c1290 H. / 1868.
300 _a104 p. :
_c22 cm.
650 0 _92239
_aProphet
_vMuhammad (SM.)
_xProphetology
942 _2ddc
_cBK